[Event "Moscow RGSU op"]
[Site "Moscow"]
[Date "2016.12.15"]
[Round "2"]
[White "Matyunin, Vladislav"]
[Black "Shopanov, Akzhan"]
[Result "0-1"]
[WhiteElo "2044"]
[BlackElo "2131"]
[PlyCount "78"]
[EventDate "2016.12.13"]
[EventType "swiss"]
[EventRounds "9"]
[EventCountry "RUS"]
[SourceTitle "CBM 176 Extra"]
[Source "ChessBase"]
[SourceDate "2017.03.02"]
[SourceVersion "1"]
[SourceVersionDate "2017.03.02"]
[SourceQuality "1"]

1. d4 Nf6 2. c4 g6 3. Nc3 d5 4. cxd5 Nxd5 5. e4 Nxc3 6. bxc3 Bg7 7. Nf3 c5 8. Be3 Qa5 9. Qd2 0-0 10. Be2 Bg4 11. Rd1 Nc6 12. h3 Bxf3 13. Bxf3 Rfd8 14. 0-0 cxd4 15. cxd4 Qxd2 16. Rxd2 Bxd4 17. Bf4 Be5 18. Rxd8+ Rxd8 19. Be3 Bd4 20. Bf4 Kg7 21. Rb1 Bb6 22. Bg4 h5 23. Bf3 e5 24. Bc1 Nd4 25. Bd1 Nb5 26. Bb2 Rd2 27. Kh2 Bd4 28. Bxd4 Nxd4 29. Kg3 b5 30. Bb3 Ne2+ 31. Kh2 Nc3 32. Rc1 b4 33. f3 a5 34. a3 a4 35. Bc4 Rd4 36. Ba6 Na2 37. Rc7 b3 38. h4 b2 39. Rb7 Nb4 0-1

[Event "Moscow-chT"]
[Site "Moscow"]
[Date "2016.11.01"]
[Round "9.4"]
[White "Shopanov, Akzhan"]
[Black "Vakhlamov, Igor L"]
[Result "1/2-1/2"]
[WhiteElo "2078"]
[BlackElo "2380"]
[PlyCount "64"]
[EventDate "2016.10.18"]
[EventType "team-swiss"]
[EventRounds "9"]
[EventCountry "RUS"]
[SourceTitle "CBM 175 Extra"]
[Source "ChessBase"]
[SourceDate "2016.12.12"]
[SourceVersion "1"]
[SourceVersionDate "2016.12.12"]
[SourceQuality "1"]
[WhiteTeam "RGSU"]
[BlackTeam "MGU"]
[WhiteTeamCountry "RUS"]
[BlackTeamCountry "RUS"]

1. e4 c5 2. Nf3 Nc6 3. Bb5 Nf6 4. Nc3 g6 5. h3 Qc7 6. 0-0 Nd4 7. Bc4 Bg7 8. Re1 d6 9. d3 0-0 10. Bg5 e6 11. Nxd4 cxd4 12. Nb5 Qc5 13. Bf4 d5 14. b4 Qb6 15. exd5 Nxd5 16. Bd6 Nc3 17. Bc5 Nxd1 18. Bxb6 axb6 19. Rexd1 Bd7 20. a4 Rfc8 21. Nd6 Rc7 22. Bb3 Bf8 23. Nc4 Bxb4 24. Nxb6 Ra5 25. Nxd7 Rxd7 26. Bc4 Rc7 27. Rdb1 Bc3 28. Ra3 Kg7 29. g3 g5 30. Rb5 Kf6 31. Rxa5 Bxa5 32. Rb3 b6 1/2-1/2